000 00466nam a2200181Ia 4500
005 20250508154609.0
008 008 250505s9999 xx 000 0 eng d
037 _aTextual
040 _aFEDL
_beng
_cFEDL
041 _aeng
_2eng
084 _a954, THA
_qFEDL
100 _aThapar Raj
245 0 _aIntroducing India
260 _aBombay, India
_bAsia Publishing House
300 _a80p.
942 _cTEXL
_h954, THA
999 _c1351106
_d1351106